| 000 | 00000nam##2200000za#4500 |
| 001 | 9.600150 |
| 003 | CaOODSP |
| 005 | 20210624205430 |
| 007 | cr ||||||||||| |
| 008 | 150406|1998||||xxc|||||o f|0| 0 fre|d |
| 040 | |aCaOODSP|bfre |
| 043 | |an-cn--- |
| 086 | 1 |aBT31-4/66-1998F-PDF |
| 110 | 1 |aCanada. |bConseil du trésor. |
| 245 | 10|aCommission de la fonction publique du Canada, rapport sur le rendement pour la période se terminant le 31 mars 1998 |h[ressource électronique] |
| 246 | 3 |aBudget des dépenses |
| 260 | |aOttawa - Ontario : |bSecrétariat du Conseil du Trésor du Canada |c[1998]. |
| 300 | |a71p.|bfigures, organigramme, tableaux |
| 490 | 1 |aRapport sur le rendement pour la période se terminant le 31 mars 1998 |vPour la période se terminant le 31 mars 1998 |
| 500 | |aLe n° de catalogue (BT31-4/66-1998) et l’ISBN (0-660-60732-8) de l'édition imprimée bilingue ont été incorrectement copiés dans cette édition électronique. |
| 590 | |a10-15-Supp|b2010-12-10 |
| 775 | 08|tPublic Service Commission of Canada, performance report for the period ending March 31, 1998 |w(CaOODSP)9.568888 |
| 776 | 0#|tPublic Service Commission of Canada|w(CaOODSP)9.531134 |
| 776 | 0#|tCommission de la fonction publique du Canada|w(CaOODSP)9.531135 |
| 830 | #0|aRapport sur le rendement pour la période se terminant le 31 mars 1998 ;|vPour la période se terminant le 31 mars 1998|w(CaOODSP)9.502654 |
| 856 | 40|ahttp://publications.gc.ca|qPDF|s414 Ko|uhttps://publications.gc.ca/collections/Collection/BT31-4-66-1998F.pdf|yPour la période se terminant le 31 mars 1998 |